[Event "Viktor Kupreichik Memorial Rapid"]
[Site "Minsk"]
[Date "2019.08.16"]
[Round "5.6"]
[White "Maryasin, Boris"]
[Black "Mustaps, Matiss"]
[Result "0-1"]
[WhiteElo "2250"]
[BlackElo "2413"]
[PlyCount "66"]
[EventDate "2019.08.15"]
[EventType "swiss"]
[EventRounds "10"]
[EventCountry "BLR"]
[WhiteTeam "Èçðàèëü"]
[BlackTeam "Ëàòâèÿ"]
[WhiteTeamCountry "ISR"]
[BlackTeamCountry "LAT"]

1. e4 c5 2. Nc3 Nc6 3. g3 g6 4. Bg2 Bg7 5. d3 d6 6. Be3 e6 7. Qd2 Rb8 8. Nf3 e5
9. Nd5 Nge7 10. c3 Nxd5 11. exd5 Ne7 12. Bg5 h6 13. Bxe7 Qxe7 14. O-O O-O 15.
Rae1 f5 16. Nh4 Qf6 17. f4 exf4 18. Nf3 fxg3 19. hxg3 Bd7 20. d4 b6 21. Qd3 a5
22. Qa6 Qf7 23. dxc5 Qxd5 24. Kh1 Bc8 25. Qb5 Qxc5 26. Qb3+ Kh7 27. Re7 Rb7 28.
Ng5+ hxg5 29. Bxb7 Bxb7+ 30. Kh2 Bd5 31. Qd1 Rh8 32. Qd4 Qxd4 33. cxd4 Kg8+ 0-1

[Event "Viktor Kupreichik Memorial Rapid"]
[Site "Minsk"]
[Date "2019.08.16"]
[Round "5.7"]
[White "Pogosian, Manvel"]
[Black "Kochetkov, German"]
[Result "1-0"]
[WhiteElo "2344"]
[BlackElo "2232"]
[PlyCount "43"]
[EventDate "2019.08.15"]
[EventType "swiss"]
[EventRounds "10"]
[EventCountry "BLR"]
[WhiteTeam "Áåëîðóññèÿ"]
[BlackTeam "Áåëîðóññèÿ"]
[WhiteTeamCountry "BLR"]
[BlackTeamCountry "BLR"]

1. d4 f5 2. Nf3 Nf6 3. g3 g6 4. Bg2 Bg7 5. O-O O-O 6. c4 d6 7. Nc3 Nc6 8. d5
Na5 9. Qd3 c5 10. Bd2 a6 11. Rab1 Ne4 12. Nxe4 fxe4 13. Qxe4 Bf5 14. Qh4 Bxb1
15. Ng5 h6 16. Ne6 g5 17. Bxg5 Qe8 18. Bd2 Qa4 19. Rxb1 Qc2 20. Be4 Qxd2 21.
Qg4 Rf7 22. Qg6 1-0

[Event "Viktor Kupreichik Memorial Rapid"]
[Site "Minsk"]
[Date "2019.08.16"]
[Round "5.8"]
[White "Tsaruk, Maksim"]
[Black "Zhukova, Natalia"]
[Result "0-1"]
[WhiteElo "2148"]
[BlackElo "2320"]
[PlyCount "63"]
[EventDate "2019.08.15"]
[EventType "swiss"]
[EventRounds "10"]
[EventCountry "BLR"]
[WhiteTeam "Áåëîðóññèÿ"]
[BlackTeam "Óêðàèíà"]
[WhiteTeamCountry "BLR"]
[BlackTeamCountry "UKR"]

1. e4 e6 2. d4 d5 3. Nd2 c5 4. exd5 exd5 5. Ngf3 Nc6 6. Bb5 Qe7+ 7. Qe2 Qxe2+
8. Bxe2 Nb4 9. Kd1 Bf5 10. Ne1 Nf6 11. a3 Nc6 12. dxc5 Bxc5 13. Nb3 Bb6 14. Be3
Bxe3 15. fxe3 O-O 16. Rf1 Bg6 17. g3 Rfe8 18. Ng2 Ne5 19. Rf4 Be4 20. Ne1 Nc4
21. Bxc4 dxc4 22. Nd2 c3 23. bxc3 Nd5 24. Rh4 Nxe3+ 25. Kc1 Bg6 26. Kb2 Rad8
27. Rd4 Rc8 28. Nd3 Re6 29. a4 Rec6 30. Ra3 Nd1+ 31. Kc1 Nxc3 32. Ne5 0-1

[Event "Viktor Kupreichik Memorial Rapid"]
[Site "Minsk"]
[Date "2019.08.16"]
[Round "5.9"]
[White "Kameko, Aleksandr"]
[Black "Pein, Malcolm"]
[Result "0-1"]
[WhiteElo "2098"]
[BlackElo "2319"]
[PlyCount "24"]
[EventDate "2019.08.15"]
[EventType "swiss"]
[EventRounds "10"]
[EventCountry "BLR"]
[WhiteTeam "Áåëîðóññèÿ"]
[BlackTeam "Àíãëèÿ"]
[WhiteTeamCountry "BLR"]
[BlackTeamCountry "ENG"]

1. e4 e5 2. Nf3 d6 3. d4 exd4 4. Nxd4 Nf6 5. Nc3 g6 6. Be2 Bg7 7. O-O O-O 8.
Bg5 h6 9. Bh4 Nc6 10. Nxc6 bxc6 11. Qd2 Nxe4 12. Qf4 Nxc3 0-1

[Event "Viktor Kupreichik Memorial Rapid"]
[Site "Minsk"]
[Date "2019.08.16"]
[Round "5.10"]
[White "Meshkov, Yuri A"]
[Black "Leinov, Roman"]
[Result "1-0"]
[WhiteElo "2261"]
[BlackElo "2134"]
[PlyCount "79"]
[EventDate "2019.08.15"]
[EventType "swiss"]
[EventRounds "10"]
[EventCountry "BLR"]
[WhiteTeam "Ðîññèÿ"]
[BlackTeam "Áåëîðóññèÿ"]
[WhiteTeamCountry "RUS"]
[BlackTeamCountry "BLR"]

1. c4 c6 2. Nf3 d5 3. b3 Nf6 4. Bb2 Bf5 5. d3 e6 6. Nbd2 h6 7. a3 Be7 8. Ra2
O-O 9. Qa1 Nbd7 10. g3 a5 11. Bg2 Bh7 12. O-O b5 13. Ne5 Nxe5 14. Bxe5 Rc8 15.
Rc2 Qb6 16. Qc1 Nd7 17. Bb2 bxc4 18. bxc4 d4 19. c5 Bxc5 20. Qa1 e5 21. Rfc1 f5
22. Nc4 Qc7 23. Qa2 Kh8 24. Qb3 Bg8 25. Qa4 Be7 26. Qxa5 c5 27. Qe1 Nb6 28. Nd2
Na4 29. Ba1 Qa7 30. f4 exf4 31. Bxd4 fxg3 32. hxg3 Bg5 33. Bf2 Qe7 34. Rb1 Rfe8
35. Nc4 Rb8 36. Rxb8 Rxb8 37. Na5 Qc7 38. Bf3 Be7 39. Nc6 Rb3 40. Nd4 1-0

[Event "Viktor Kupreichik Memorial Rapid"]
[Site "Minsk"]
[Date "2019.08.16"]
[Round "5.11"]
[White "Lazavik, Denis"]
[Black "Zarubitski, Viachaslau"]
[Result "1/2-1/2"]
[WhiteElo "2057"]
[BlackElo "2260"]
[PlyCount "63"]
[EventDate "2019.08.15"]
[EventType "swiss"]
[EventRounds "10"]
[EventCountry "BLR"]
[WhiteTeam "Áåëîðóññèÿ"]
[BlackTeam "Áåëîðóññèÿ"]
[WhiteTeamCountry "BLR"]
[BlackTeamCountry "BLR"]

1. d4 Nf6 2. c4 c6 3. Nf3 d5 4. Qc2 g6 5. e3 Bf5 6. Bd3 Bxd3 7. Qxd3 Bg7 8. O-O
O-O 9. Nc3 Nbd7 10. b3 Re8 11. cxd5 Nxd5 12. Nxd5 cxd5 13. Bb2 Qa5 14. Rfc1
Rac8 15. Rc2 e6 16. Bc3 Qb6 17. Rac1 Rc6 18. Be1 Rec8 19. Rxc6 Rxc6 20. Rxc6
Qxc6 21. Qc3 Nb8 22. a4 a6 23. Kf1 f6 24. Ke2 Kf7 25. Qxc6 Nxc6 26. Bc3 Bf8 27.
Ne1 Bd6 28. h3 e5 29. dxe5 fxe5 30. e4 dxe4 31. Ke3 Bc5+ 32. Kxe4 1/2-1/2

[Event "Viktor Kupreichik Memorial Rapid"]
[Site "Minsk"]
[Date "2019.08.16"]
[Round "5.12"]
[White "Vaganian, Rafael A"]
[Black "Romanovskij, Nikita"]
[Result "1-0"]
[WhiteElo "2502"]
[BlackElo "2001"]
[PlyCount "113"]
[EventDate "2019.08.15"]
[EventType "swiss"]
[EventRounds "10"]
[EventCountry "BLR"]
[WhiteTeam "Àðìåíèÿ"]
[BlackTeam "Áåëîðóññèÿ"]
[WhiteTeamCountry "ARM"]
[BlackTeamCountry "BLR"]

1. Nf3 Nf6 2. c4 e6 3. d4 b6 4. e3 Bb7 5. Bd3 d5 6. O-O Be7 7. b3 O-O 8. Bb2 c5
9. dxc5 Bxc5 10. Qe2 Qe7 11. a3 Nc6 12. Nbd2 Rfd8 13. cxd5 exd5 14. b4 Bd6 15.
Nb3 Ne4 16. Nbd4 Nxd4 17. Bxd4 Rac8 18. Qb2 f6 19. Nh4 Qf7 20. g3 Bb8 21. Rac1
Rxc1 22. Rxc1 Rc8 23. Ng2 Nd6 24. Rxc8+ Bxc8 25. Qc2 g6 26. Qc3 Kg7 27. h4 Bf5
28. Nf4 Bxd3 29. Qxd3 Ne4 30. Ne2 Qe6 31. Kg2 Qf5 32. Nf4 Bxf4 33. exf4 Qc8 34.
f3 Nd6 35. g4 Kf7 36. Kg3 Qc4 37. Qxc4 dxc4 38. a4 Ke6 39. Kf2 f5 40. Ke3 Kd5
41. Be5 Nb7 42. Bd4 Nd8 43. Bf6 Nc6 44. b5 Nb8 45. Bd4 Nd7 46. a5 Nc5 47. a6
Nd7 48. h5 Kd6 49. Kd2 Kd5 50. Kc3 Nc5 51. Bg1 Ne6 52. Be3 Ng7 53. Bxb6 Ne8 54.
Bxa7 Nd6 55. Kb4 c3 56. Be3 c2 57. a7 1-0

[Event "Viktor Kupreichik Memorial Rapid"]
[Site "Minsk"]
[Date "2019.08.16"]
[Round "5.16"]
[White "Pakhomov, Alexey"]
[Black "Zverev, Lev"]
[Result "1/2-1/2"]
[WhiteElo "2259"]
[BlackElo "1879"]
[PlyCount "69"]
[EventDate "2019.08.15"]
[EventType "swiss"]
[EventRounds "10"]
[EventCountry "BLR"]
[WhiteTeam "Ðîññèÿ"]
[BlackTeam "Ðîññèÿ"]
[WhiteTeamCountry "RUS"]
[BlackTeamCountry "RUS"]

1. d4 d5 2. c4 e6 3. Nc3 c6 4. Nf3 dxc4 5. a4 Bb4 6. e3 b5 7. Bd2 a5 8. axb5
Bxc3 9. Bxc3 cxb5 10. b3 Bb7 11. bxc4 b4 12. Bb2 Nf6 13. Bd3 Nbd7 14. O-O O-O
15. Re1 Re8 16. e4 e5 17. d5 Qc7 18. Bf1 Qd6 19. Nh4 Nc5 20. Nf5 Qd7 21. Qf3 g6
22. Nh6+ Kg7 23. Bc1 a4 24. Bg5 Qd6 25. h4 Nfxe4 26. Qxf7+ Kh8 27. Rxe4 Nxe4
28. Qxb7 Qf8 29. Be3 b3 30. Bd3 Nc5 31. Bxc5 Qxc5 32. Nf7+ Kg8 33. Nh6+ Kh8 34.
Nf7+ Kg8 35. Nh6+ 1/2-1/2

[Event "Viktor Kupreichik Memorial Rapid"]
[Site "Minsk"]
[Date "2019.08.16"]
[Round "5.19"]
[White "Masjuk, Vladimir"]
[Black "Teterev, Vitaly"]
[Result "0-1"]
[WhiteElo "1842"]
[BlackElo "2490"]
[PlyCount "86"]
[EventDate "2019.08.15"]
[EventType "swiss"]
[EventRounds "10"]
[EventCountry "BLR"]
[WhiteTeam "Áåëîðóññèÿ"]
[BlackTeam "Áåëîðóññèÿ"]
[WhiteTeamCountry "BLR"]
[BlackTeamCountry "BLR"]

1. e4 c5 2. c3 Nf6 3. e5 Nd5 4. d4 cxd4 5. cxd4 Nc6 6. Nc3 Nxc3 7. bxc3 d6 8.
f4 Bf5 9. Nf3 e6 10. Be2 Be7 11. O-O O-O 12. Be3 Rc8 13. Qd2 Na5 14. Qe1 Qb6
15. Bf2 Qb2 16. Rc1 dxe5 17. fxe5 Ba3 18. c4 Qxc1 19. Qxa5 Qb2 20. Nh4 Bb4 21.
Qa4 Be4 22. Qd1 Qxa2 23. Bf3 Bc2 24. Qc1 Bd3 25. c5 Bxf1 26. Qxf1 b6 27. c6 Qd2
28. Be4 Qf4 29. Qb1 Ba3 30. Bxh7+ Kh8 31. Be4 Qc1+ 32. Qxc1 Bxc1 33. Nf3 Rfd8
34. Kf1 Rd5 35. Bxd5 exd5 36. Ke2 Rxc6 37. Kd3 a5 38. Be1 a4 39. Bc3 a3 40. Ne1
a2 41. Nc2 b5 42. Ba1 Rc4 43. g4 b4 0-1

[Event "Viktor Kupreichik Memorial Rapid"]
[Site "Minsk"]
[Date "2019.08.16"]
[Round "5.20"]
[White "Mochalov, Evgeny V"]
[Black "Khrapko, Marharyta"]
[Result "0-1"]
[WhiteElo "2260"]
[BlackElo "1923"]
[PlyCount "58"]
[EventDate "2019.08.15"]
[EventType "swiss"]
[EventRounds "10"]
[EventCountry "BLR"]
[WhiteTeam "Áåëîðóññèÿ"]
[BlackTeam "Áåëîðóññèÿ"]
[WhiteTeamCountry "BLR"]
[BlackTeamCountry "BLR"]

1. d4 e6 2. g3 Nf6 3. Bg2 c5 4. Nf3 Nc6 5. O-O cxd4 6. Nxd4 Bc5 7. Nb3 Be7 8.
c4 a5 9. Nc3 O-O 10. Bf4 a4 11. Nd4 a3 12. b3 Nh5 13. Be3 Qa5 14. Rc1 Bb4 15.
Na4 Nxd4 16. Bxd4 Ra6 17. e3 Nf6 18. c5 d6 19. Bxf6 gxf6 20. Qg4+ Kh8 21. Qh4
f5 22. Rc4 dxc5 23. Qf6+ Kg8 24. Rh4 e5 25. Qxe5 c4 26. Qxa5 Bxa5 27. Nc5 Rd6
28. Rxc4 Rd2 29. b4 b5 0-1

[Event "Viktor Kupreichik Memorial Rapid"]
[Site "Minsk"]
[Date "2019.08.16"]
[Round "7.36"]
[White "Nikolaev, Dmitry"]
[Black "Yasiukovich, Sergei"]
[Result "1-0"]
[WhiteElo "1605"]
[BlackElo "1529"]
[PlyCount "141"]
[EventDate "2019.08.15"]
[EventType "swiss"]
[EventRounds "10"]
[EventCountry "BLR"]
[WhiteTeam "Áåëîðóññèÿ"]
[BlackTeam "Áåëîðóññèÿ"]
[WhiteTeamCountry "BLR"]
[BlackTeamCountry "BLR"]

1. Nf3 d5 2. c4 c6 3. cxd5 cxd5 4. g3 Nf6 5. Bg2 g6 6. b3 Bg7 7. Bb2 O-O 8. d4
Nc6 9. O-O Bg4 10. Nbd2 Qd7 11. Re1 Bh3 12. Bh1 Rac8 13. Rc1 Rfd8 14. Nh4 g5
15. Ng2 h6 16. Ne3 Be6 17. Rc5 b6 18. Rc2 Nb4 19. Rxc8 Rxc8 20. a3 Nc6 21. Qb1
Ng4 22. Qd3 Nxe3 23. Qxe3 Bf5 24. Rc1 e6 25. Nf3 Be4 26. b4 Bxf3 27. Bxf3 Ne7
28. Qd2 Rxc1+ 29. Qxc1 Qc6 30. e3 Qxc1+ 31. Bxc1 Nc8 32. Be2 Nd6 33. a4 Ne4 34.
Bd3 Bf8 35. Bxe4 dxe4 36. b5 Bb4 37. g4 e5 38. Bb2 exd4 39. Bxd4 Bd6 40. h4
gxh4 41. Kg2 Kh7 42. Kh3 Kg6 43. Kxh4 f6 44. Bc3 Bc5 45. a5 bxa5 46. Bxa5 Bb6
47. Bb4 Bd8 48. Bd6 f5+ 49. Kg3 fxg4 50. Kxg4 Bb6 51. Kf4 h5 52. Be7 Kf7 53.
Bh4 Ke6 54. Kxe4 Kd6 55. Kf5 Kc5 56. Kg6 Kxb5 57. Kxh5 Kc4 58. Kg4 Kd3 59. Kf5
a5 60. e4 Bd4 61. f4 a4 62. Be7 Kc4 63. e5 Bc5 64. Bxc5 Kxc5 65. e6 a3 66. e7
a2 67. e8=Q a1=Q 68. Qe5+ Qxe5+ 69. Kxe5 Kc6 70. Ke6 Kc7 71. Ke7 1-0

[Event "Viktor Kupreichik Memorial Rapid"]
[Site "Minsk"]
[Date "2019.08.17"]
[Round "8.3"]
[White "Sychev, Klementy"]
[Black "Tiviakov, Sergei"]
[Result "0-1"]
[WhiteElo "2564"]
[BlackElo "2666"]
[PlyCount "129"]
[EventDate "2019.08.15"]
[EventType "swiss"]
[EventRounds "10"]
[EventCountry "BLR"]
[WhiteTeam "Ðîññèÿ"]
[BlackTeam "Íèäåðëàíäû"]
[WhiteTeamCountry "RUS"]
[BlackTeamCountry "NED"]

1. e4 d5 2. exd5 Qxd5 3. Nc3 Qd6 4. d4 c6 5. Ne4 Qe6 6. f3 Nf6 7. Qe2 Qd5 8. c3
Bf5 9. Nf2 Nbd7 10. g4 Bg6 11. h4 h6 12. Ngh3 Bh7 13. Nf4 Qa5 14. g5 Nd5 15. g6
fxg6 16. Ne6 Nc7 17. Bh3 Nxe6 18. Bxe6 Bg8 19. Bxg8 Rxg8 20. Qe6 Nf6 21. Ne4
Qd5 22. Qxd5 cxd5 23. Nf2 e6 24. Rg1 Kf7 25. Nd3 Nd7 26. Nf4 Bd6 27. Nxg6 e5
28. dxe5 Nxe5 29. Nxe5+ Bxe5 30. Be3 Rge8 31. Kf2 Bf6 32. Rg4 Re6 33. Re1 Rae8
34. Bd2 Rxe1 35. Bxe1 h5 36. Rb4 b6 37. Ra4 a5 38. Kf1 Re3 39. Bf2 Rxf3 40. Ke2
Rh3 41. Bxb6 Rh2+ 42. Bf2 d4 43. Kf3 dxc3 44. bxc3 Bxc3 45. Rc4 Rh3+ 46. Ke2
Bb4 47. Rc7+ Kg6 48. Bd4 Rxh4 49. Rxg7+ Kf5 50. Bf2 Rc4 51. Be3 Ke4 52. Bb6
Rc2+ 53. Kd1 Rxa2 54. Rg5 Rd2+ 55. Kc1 Rd5 56. Rg8 a4 57. Ra8 Rb5 58. Bd8 a3
59. Bf6 Kd3 60. Rd8+ Kc4 61. Kc2 Rd5 62. Rc8+ Rc5 63. Re8 Rf5 64. Re4+ Kb5 65.
Be7 0-1

[Event "Viktor Kupreichik Memorial Rapid"]
[Site "Minsk"]
[Date "2019.08.17"]
[Round "8.5"]
[White "Teterev, Vitaly"]
[Black "Pogosian, Manvel"]
[Result "1-0"]
[WhiteElo "2490"]
[BlackElo "2344"]
[PlyCount "105"]
[EventDate "2019.08.15"]
[EventType "swiss"]
[EventRounds "10"]
[EventCountry "BLR"]
[WhiteTeam "Áåëîðóññèÿ"]
[BlackTeam "Áåëîðóññèÿ"]
[WhiteTeamCountry "BLR"]
[BlackTeamCountry "BLR"]

1. Nf3 Nf6 2. g3 g6 3. Bg2 Bg7 4. O-O O-O 5. d4 d5 6. c4 dxc4 7. Na3 c5 8. Nxc4
Be6 9. Ne3 Nc6 10. dxc5 Qxd1 11. Rxd1 Ne4 12. Ne5 Nxc5 13. Nxc6 bxc6 14. Bxc6
Rad8 15. Bd5 Bh3 16. Rb1 e6 17. Bf3 Rxd1+ 18. Nxd1 Bf5 19. Ra1 Rb8 20. Bf4 Rd8
21. Rc1 Na4 22. e4 Bh3 23. b3 Nb6 24. Bg5 Rd7 25. Be3 h5 26. Be2 Bd4 27. f3 e5
28. Kf2 Be6 29. Bxd4 Rxd4 30. Rc7 a5 31. Rc5 a4 32. Rb5 Nc8 33. Rxe5 axb3 34.
axb3 Bxb3 35. Re8+ Kg7 36. Ke3 Rd7 37. Rxc8 Bxd1 38. Bc4 Ra7 39. f4 Bg4 40. Rc5
Kf8 41. f5 Ra3+ 42. Kf4 f6 43. e5 Rf3+ 44. Ke4 gxf5+ 45. Kd4 fxe5+ 46. Kxe5 Ke7
47. Rc7+ Kd8 48. Rh7 Rf2 49. Kd6 Rd2+ 50. Bd5 Re2 51. Ra7 Rc2 52. Rd7+ Ke8 53.
Rg7 1-0

[Event "Viktor Kupreichik Memorial Rapid"]
[Site "Minsk"]
[Date "2019.08.17"]
[Round "8.8"]
[White "Paravyan, David"]
[Black "Barskij, Vladimir"]
[Result "1-0"]
[WhiteElo "2626"]
[BlackElo "2254"]
[PlyCount "73"]
[EventDate "2019.08.15"]
[EventType "swiss"]
[EventRounds "10"]
[EventCountry "BLR"]
[WhiteTeam "Ðîññèÿ"]
[BlackTeam "Ðîññèÿ"]
[WhiteTeamCountry "RUS"]
[BlackTeamCountry "RUS"]

1. e4 c5 2. Nf3 e6 3. d4 cxd4 4. Nxd4 Nc6 5. Nc3 Qc7 6. g3 a6 7. Bg2 Nf6 8. O-O
h5 9. h3 Be7 10. Re1 h4 11. Bf4 Ne5 12. g4 d6 13. Bg5 Bd7 14. f4 Ng6 15. Kh1
Ng8 16. Bxe7 N8xe7 17. Nde2 Bc6 18. a4 O-O 19. Rf1 d5 20. f5 Ne5 21. f6 gxf6
22. Nd4 Kg7 23. Qe1 N7g6 24. exd5 Bd7 25. Qf2 Qd8 26. Rad1 Qe7 27. Ne4 exd5 28.
Nxf6 Be6 29. Nxd5 Qg5 30. Nc7 Bc4 31. Nxa8 Bxf1 32. Rxf1 Rxa8 33. Nf5+ Kh7 34.
Nd6 Rf8 35. Qf5 Qd2 36. Qh5+ Kg8 37. Ne4 1-0

[Event "Viktor Kupreichik Memorial Rapid"]
[Site "Minsk"]
[Date "2019.08.17"]
[Round "8.10"]
[White "Kochetkov, German"]
[Black "Balashov, Yuri S"]
[Result "0-1"]
[WhiteElo "2232"]
[BlackElo "2420"]
[PlyCount "87"]
[EventDate "2019.08.15"]
[EventType "swiss"]
[EventRounds "10"]
[EventCountry "BLR"]
[WhiteTeam "Áåëîðóññèÿ"]
[BlackTeam "Ðîññèÿ"]
[WhiteTeamCountry "BLR"]
[BlackTeamCountry "RUS"]

1. f4 e5 2. fxe5 d6 3. exd6 Bxd6 4. Nf3 g5 5. d4 g4 6. Ne5 Nc6 7. Bf4 Qf6 8. e3
Nxe5 9. dxe5 Bxe5 10. Bxe5 Qxe5 11. Qd4 Qxd4 12. exd4 Bf5 13. c3 O-O-O 14. Bc4
Nh6 15. O-O Rhe8 16. Nd2 Re7 17. Rf4 c5 18. Nb3 cxd4 19. Nxd4 Bg6 20. a4 a6 21.
a5 Re5 22. g3 Rd7 23. b4 Rc7 24. Nb3 Nf5 25. Nc5 Nd6 26. Rxg4 f5 27. Rd4 Nxc4
28. Rxc4 Bh5 29. Rf1 Bg4 30. Kg2 Re2+ 31. Kg1 Kb8 32. Rd1 Rce7 33. Nd7+ Ka7 34.
Nb6 Re8 35. Rc8 Rxc8 36. Nxc8+ Kb8 37. Nb6 Bf3 38. c4 Rg2+ 39. Kf1 Rxh2 40. Rd7
f4 41. Rf7 Be2+ 42. Ke1 fxg3 43. c5 Bg4 44. b5 0-1

[Event "Viktor Kupreichik Memorial Rapid"]
[Site "Minsk"]
[Date "2019.08.17"]
[Round "8.11"]
[White "Pein, Malcolm"]
[Black "Spizharny, Mikhail"]
[Result "1-0"]
[WhiteElo "2319"]
[BlackElo "1921"]
[PlyCount "105"]
[EventDate "2019.08.15"]
[EventType "swiss"]
[EventRounds "10"]
[EventCountry "BLR"]
[WhiteTeam "Àíãëèÿ"]
[BlackTeam "Áåëîðóññèÿ"]
[WhiteTeamCountry "ENG"]
[BlackTeamCountry "BLR"]

1. d4 Nf6 2. Nf3 d5 3. c4 c6 4. Nc3 dxc4 5. e4 b5 6. Be2 g6 7. e5 Nd5 8. h4 h6
9. h5 g5 10. a4 a6 11. Qc2 Bb7 12. e6 Bg7 13. exf7+ Kxf7 14. Qg6+ Kf8 15. Qf5+
Bf6 16. Ne5 Bc8 17. Qe4 Bxe5 18. Qxe5 Nf6 19. O-O Nbd7 20. Qg3 Nb6 21. f4 g4
22. f5 Kf7 23. Bf4 Nbd5 24. Be5 Rg8 25. axb5 Nxc3 26. bxc3 cxb5 27. Rae1 Bb7
28. Bd1 Rg5 29. Bc2 Rxh5 30. Bf4 Qd7 31. Re5 Bd5 32. Rfe1 Ra7 33. Bd1 Rxf5 34.
Bxh6 a5 35. Bxg4 Rxe5 36. Bxd7 Rxe1+ 37. Qxe1 Rxd7 38. Bc1 Rd8 39. Ba3 Ne4 40.
Qh4 Nf6 41. Qf4 Rg8 42. g3 Rg4 43. Qc7 Re4 44. Qxa5 Ng4 45. Kf1 Re3 46. Qxb5 e6
47. Qd7+ Kg6 48. Qe8+ Kf5 49. Qf7+ Nf6 50. Be7 Rf3+ 51. Ke2 Kg5 52. Qg7+ Kh5
53. Bxf6 1-0

[Event "Viktor Kupreichik Memorial Rapid"]
[Site "Minsk"]
[Date "2019.08.17"]
[Round "8.14"]
[White "Mikhailovsky, Vladimir"]
[Black "Kalinin, Dmitry"]
[Result "1-0"]
[WhiteElo "2296"]
[BlackElo "2045"]
[PlyCount "81"]
[EventDate "2019.08.15"]
[EventType "swiss"]
[EventRounds "10"]
[EventCountry "BLR"]
[WhiteTeam "Ðîññèÿ"]
[BlackTeam "Áåëîðóññèÿ"]
[WhiteTeamCountry "RUS"]
[BlackTeamCountry "BLR"]

1. e4 e6 2. Qe2 Be7 3. b3 d6 4. Bb2 Bf6 5. d4 c5 6. e5 dxe5 7. dxe5 Be7 8. Nd2
Nc6 9. Ngf3 Qc7 10. O-O-O Nh6 11. g4 Nxg4 12. Rg1 h5 13. h3 Nh6 14. Rxg7 Nf5
15. Rg1 Bd7 16. Nc4 O-O-O 17. Nd6+ Nxd6 18. exd6 Bxd6 19. Bxh8 Rxh8 20. c3 Bf4+
21. Kb2 Ne7 22. Qd3 Nd5 23. Bg2 Bh6 24. Nd2 Nf4 25. Qc4 f5 26. Qf1 b5 27. Bf3
e5 28. Be2 a6 29. a4 bxa4 30. Bxa6+ Kb8 31. Qc4 Ka7 32. Bb5 a3+ 33. Kc2 Bc8 34.
Ra1 Bb7 35. Rxa3+ Kb8 36. Rg8+ Rxg8 37. Qxg8+ Bc8 38. Qe8 Nd5 39. Bc6 Nb6 40.
Nc4 f4 41. Nxb6 1-0

[Event "Viktor Kupreichik Memorial Rapid"]
[Site "Minsk"]
[Date "2019.08.17"]
[Round "8.15"]
[White "Sarbay, Aleksandr"]
[Black "Mochalov, Evgeny V"]
[Result "1-0"]
[WhiteElo "2012"]
[BlackElo "2260"]
[PlyCount "83"]
[EventDate "2019.08.15"]
[EventType "swiss"]
[EventRounds "10"]
[EventCountry "BLR"]
[WhiteTeam "Áåëîðóññèÿ"]
[BlackTeam "Áåëîðóññèÿ"]
[WhiteTeamCountry "BLR"]
[BlackTeamCountry "BLR"]

1. e4 c5 2. Nf3 g6 3. d4 cxd4 4. Qxd4 Nf6 5. Nc3 Nc6 6. Qa4 d6 7. e5 dxe5 8.
Nxe5 Qd4 9. Nxc6 Qxa4 10. Nxa4 bxc6 11. Bc4 Bg7 12. Be3 Nd5 13. Bc5 Nb6 14.
Bxb6 axb6 15. Nxb6 Bxb2 16. Rb1 Bc3+ 17. Ke2 Rb8 18. Nxc8 Rxc8 19. Rhd1 O-O 20.
Rd7 Bf6 21. Rbb7 Rfd8 22. Rxd8+ Rxd8 23. Rc7 Rd6 24. a4 Kf8 25. Rc8+ Kg7 26. a5
Rd7 27. Rxc6 Bc3 28. a6 Bd4 29. Bb5 Ba7 30. Rxg6+ hxg6 31. Bxd7 f5 32. f4 Kf6
33. Be8 g5 34. fxg5+ Kxg5 35. Kd3 e5 36. Kc4 e4 37. Kd5 Kf4 38. c4 Kg4 39. c5
f4 40. c6 f3 41. gxf3+ exf3 42. c7 1-0

[Event "Viktor Kupreichik Memorial Rapid"]
[Site "Minsk"]
[Date "2019.08.17"]
[Round "8.16"]
[White "Kochetkov, Vitali"]
[Black "Kharin, Mikhail"]
[Result "1/2-1/2"]
[WhiteElo "2257"]
[BlackElo "2003"]
[PlyCount "43"]
[EventDate "2019.08.15"]
[EventType "swiss"]
[EventRounds "10"]
[EventCountry "BLR"]
[WhiteTeam "Áåëîðóññèÿ"]
[BlackTeam "Ðîññèÿ"]
[WhiteTeamCountry "BLR"]
[BlackTeamCountry "RUS"]

1. d4 g6 2. e4 Bg7 3. Nf3 d6 4. Be2 a6 5. c4 e5 6. Nc3 Nc6 7. Be3 exd4 8. Nxd4
Nxd4 9. Bxd4 Nf6 10. O-O O-O 11. Re1 Re8 12. Bf1 c5 13. Bxf6 Bxf6 14. Qc2 Bd7
15. Nd5 Bd4 16. Rad1 Bc6 17. b3 Bxd5 18. exd5 Qf6 19. g3 Re7 20. Rxe7 Qxe7 21.
Qe2 Re8 22. Re1 1/2-1/2

[Event "Viktor Kupreichik Memorial Rapid"]
[Site "Minsk"]
[Date "2019.08.17"]
[Round "8.17"]
[White "Agapov, Sergey"]
[Black "Naumovich, Yaroslav"]
[Result "1/2-1/2"]
[WhiteElo "2251"]
[BlackElo "1993"]
[PlyCount "122"]
[EventDate "2019.08.15"]
[EventType "swiss"]
[EventRounds "10"]
[EventCountry "BLR"]
[WhiteTeam "Ðîññèÿ"]
[BlackTeam "Áåëîðóññèÿ"]
[WhiteTeamCountry "RUS"]
[BlackTeamCountry "BLR"]

1. d4 Nf6 2. Bg5 d5 3. Nd2 c5 4. e3 Nc6 5. Ngf3 e6 6. c3 Qb6 7. Rb1 Be7 8. Bd3
O-O 9. Ne5 h6 10. Bh4 Nd7 11. Bg3 Ndxe5 12. dxe5 Bd7 13. O-O f5 14. exf6 Bxf6
15. e4 Qd8 16. Qe2 Rc8 17. Rbd1 Qe7 18. Nf3 Qf7 19. Bc2 Rfd8 20. exd5 exd5 21.
Rxd5 Be6 22. Rxc5 b6 23. Rb5 Bc4 24. Qe4 Ne7 25. Bb3 Bxb3 26. axb3 Re8 27. Qb7
Nc6 28. Qxf7+ Kxf7 29. Rd5 Rcd8 30. Rxd8 Rxd8 31. b4 g5 32. h3 h5 33. Re1 Rd5
34. Kf1 g4 35. hxg4 hxg4 36. Nh2 Rd2 37. Nxg4 Rxb2 38. Nxf6 Kxf6 39. Rd1 Ke7
40. Bf4 Rb3 41. Rc1 a5 42. bxa5 bxa5 43. g4 Ke6 44. Rd1 Rxc3 45. Kg2 a4 46. Ra1
a3 47. Bc1 a2 48. Bb2 Rc2 49. Rxa2 Nb4 50. Ra5 Rxb2 51. Ra3 Rd2 52. Re3+ Kf6
53. Re8 Nd3 54. Rf8+ Kg7 55. Rf5 Kg6 56. Kg3 Ne1 57. Rf8 Rd3+ 58. f3 Rxf3+ 59.
Rxf3 Nxf3 60. Kxf3 Kg5 61. Kg3 Kg6 1/2-1/2

[Event "Viktor Kupreichik Memorial Rapid"]
[Site "Minsk"]
[Date "2019.08.17"]
[Round "8.21"]
[White "Romanovskij, Nikita"]
[Black "Leinov, Roman"]
[Result "1/2-1/2"]
[WhiteElo "2001"]
[BlackElo "2134"]
[PlyCount "82"]
[EventDate "2019.08.15"]
[EventType "swiss"]
[EventRounds "10"]
[EventCountry "BLR"]
[WhiteTeam "Áåëîðóññèÿ"]
[BlackTeam "Áåëîðóññèÿ"]
[WhiteTeamCountry "BLR"]
[BlackTeamCountry "BLR"]

1. Nf3 Nf6 2. d4 g6 3. Bg5 Bg7 4. Nbd2 d5 5. e3 O-O 6. Bd3 b6 7. Qe2 Bb7 8. e4
dxe4 9. Nxe4 Nbd7 10. O-O Nxe4 11. Bxe4 Bxe4 12. Qxe4 Nf6 13. Qe2 Qd6 14. c3 c5
15. Rad1 e6 16. Be3 Qc7 17. Qc4 Nd5 18. Rfe1 Nxe3 19. Rxe3 Rfc8 20. d5 exd5 21.
Rxd5 Rd8 22. Red3 Rxd5 23. Qxd5 Re8 24. g3 Bf6 25. Nd2 Qe5 26. Qxe5 Rxe5 27.
Kf1 Re7 28. a4 Kg7 29. Nc4 Re4 30. b3 Re7 31. Nd2 a6 32. f3 b5 33. axb5 axb5
34. Ne4 c4 35. bxc4 bxc4 36. Rd6 Be5 37. Rc6 f5 38. Nf2 Bxc3 39. Rxc4 Ba5 40.
Rc2 Rd7 41. Ke2 Re7+ 1/2-1/2

[Event "Viktor Kupreichik Memorial Rapid"]
[Site "Minsk"]
[Date "2019.08.17"]
[Round "9.1"]
[White "Tiviakov, Sergei"]
[Black "Zhigalko, Sergei"]
[Result "1/2-1/2"]
[WhiteElo "2666"]
[BlackElo "2702"]
[PlyCount "41"]
[EventDate "2019.08.15"]
[EventType "swiss"]
[EventRounds "10"]
[EventCountry "BLR"]
[WhiteTeam "Íèäåðëàíäû"]
[BlackTeam "Áåëîðóññèÿ"]
[WhiteTeamCountry "NED"]
[BlackTeamCountry "BLR"]

1. e4 c5 2. Nc3 Nc6 3. Bb5 Nd4 4. Nf3 e6 5. O-O a6 6. Bd3 Nxf3+ 7. Qxf3 Qc7 8.
b3 Bd6 9. Qh3 Ne7 10. Bb2 Be5 11. Nd1 Ng6 12. Bxe5 Qxe5 13. Ne3 O-O 14. Nc4 Qc7
15. e5 f5 16. exf6 Rxf6 17. Bxg6 Rxg6 18. Qe3 d6 19. a4 b6 20. d3 Bb7 21. f3
1/2-1/2